Statistiques concernant Terminus des lignes de métro des capitales d'Europe

Cliquez ici pour prendre le quiz!

Statistiques générales

  • Ce quiz a été pris 5 fois
  • Le résultat moyen est 16 sur 309

Statistiques - réponses

CapitaleLigneRéponse% Correct
ParisM1La Défense
60%
(branche jaune)Mairie d'Ivry
60%
(branche bleue)Villejuif - Louis Aragon
60%
Bagneux - Lucie Aubrac
40%
M8Balard
40%
Gallieni
40%
M7La Courneuve - 8 Mai 1945
40%
M7bisLouis Blanc
40%
M14Mairie de Saint-Ouen
40%
Nation
40%
Olympiades
40%
M3Pont de Levallois
40%
M4Porte de Clignancourt
40%
T11Akalla
20%
U6Alt-Tegel
20%
(branche jaune)Asnières - Gennevillers - Les Courtilles
20%
M5Bobigny - Pablo Picasso
20%
M10Boulogne - Pont de Saint-Cloud
20%
M6Charles de Gaulle - Étoile
20%
Château de Vincennes
20%
M11Châtelet - Avenue Victoria
20%
M13Châtillon-Montrouge
20%
Créteil - Pointe du Lac
20%
Farsta Strand
20%
Gambetta
20%
Gare d'Austerlitz
20%
Circle | Hammersmith and CityHammersmith
20%
U5Hauptbahnhof
20%
Hönow
20%
U3Krumme Lanke
20%
Kungsträdgården
20%
M12Mairie d'Aubervilliers
20%
Mairie de Montreuil
20%
Mairie des Lilas
20%
Mairie d'Issy
20%
T14Mörby Centrum
20%
U4Nollendorfplatz
20%
Pankow
20%
Place d'Italie
20%
M9Pont de Sèvres
20%
M2Porte Dauphine
20%
M3bisPorte des Lilas
20%
Pré Saint-Gervais
20%
U7Rathaus Spandau
20%
5
(Koltsevaïa)
| 6 | 12 | M3
Ring
20%
T13Ropsten
20%
U2Ruhleben
20%
Saint-Denis - Université
20%
BerlinU1Uhlandstraße
20%
4Vestli
20%
Warschauer Straße
20%
Waterloo and CityWaterloo
20%
(branche sud-est)Abbey Wood
0%
Αεροδρόμιο/Aerodromio/
Aéroport d'Athènes/Athens Airport
0%
Linha do Oriente
(Ligne de l'Orient)
Aeroporto
0%
Aeropuerto T4
0%
Kiev/KyïvM1
(Svyatochins'ko-Brovarska)
Академмістечко/Akademmistechko
0%
T17Åkeshov
0%
Alameda de Osuna
0%
(terminus est)Aldgate
0%
4
(Filiovskaïa)
Александровский Сад/Aleksandrovskiy Sad/
Aleksandrovskiï Sad/Aleksandrovski Sad
0%
Алма-Атинская/Alma-Atinskaya/
Alma-Atinskaïa
0%
Alt-Mariendorf
0%
9
(Serpoukhovsko-Timiriazevskaïa)
Алтуфьево/Altufyevo/Altoufievo
0%
T18Alvik
0%
(branche ouest 2)Amersham
0%
Anagnina
0%
Anghel Saligny
0%
Γραμμη 2Ανθούπολη/Anthoupoli
0%
Arganda del Rey
0%
4Argüelles
0%
Branche M1AAtatürk Havalimanı/Atatürk Airport/
Aéroport Atatürk/Aéroport d'Istanbul-Atatürk
0%
Bahariye
0%
Docklands Light Railway
(branche ouest 1)
Bank
0%
Barking
0%
Başakşehir Metrokent/Başakşehir
0%
(branche sud-ouest)Battersea Power Station
0%
RomeABattistini
0%
(branche est)Beckton
0%
M2Bemowo
0%
Berceni
0%
(1 - service limité)Bergkrystallen
0%
12
(Boutovskaïa)
Битцевский Парк/Bittsevsky Park/
Bittsevski Park/Bitsevski Park/
Parc Bittsevski/Parc Bitsevski
0%
Бизнес Парк/Biznes Park/Business Park
0%
Boğaziçi Üniversitesi Hisarüstü/
Bosphorus University/
Université du Bosphore
0%
Brixton
0%
Bródno
0%
Moscou1
(Sokolnitcheskaïa)
Бульвар Рокоссовского/Bulvar Rokossovskogo/
Boulvar Rokossovskogo/Boulevard Rossovskogo
0%
Бунинская Аллея/Buninskaya Alleya/
Buninskaya Aleya/Bouninskaïa Alleïa/
Bouninskaïa Aleia
0%
Cais do Sodré
0%
5Casa de Campo
0%
Çekmeköy
0%
Centraal Station
0%
Černý Most
0%
Червоний Хутір/Chervonyi Khutir/
Chervony Khutir
0%
Metropolitan
(branche ouest 1)
Chesham
0%
(terminus est)Cockfosters
0%
2Cuatro Caminos
0%
M2Déli pályaudvar/Gare du Sud
0%
(Section 8A)Деловой Центр/Delovoy Tsentr/
Delovoï Tsentr/Delovoï Centre
0%
Depo Hostivař
0%
Булвар Дмитрия Донского/
Bulvar Dmitriya Donskogo/
Boulvar Dmitria Donskogo/
Boulevard Dmitria Donskogo/
Boulevard Dimitri Donskoï
0%
Γραμμη 3Δημοτικµό Θέατρο/
Dimotiko Theatro/
Théâtre municipal
0%
Магілёўская/
Mahilioŭskaja/
Mahiliowskaïa
0%
Minsk1
(Maskowskaïa)
Малінаўка
Malinaŭka/
Malinawka
0%
3
(Zelenalujskaïa)
Юбілейная Плошча/
Jubiliejnaja Plošča/
Jubileïnaïa Plochtcha/
Place du Jubilé
0%
2
(Awtazavodskaïa)
Каменная Горка/
Kamiennaja Horka/
Kamiennaïa Horka
0%
Кавальская Слабада/
Kavaĺskaja Slabada/
Kavalskaïa Slabada
0%
Уручча/
Uručča/
Ouroutcha
0%
BucarestM1Dristor
0%
(branche ouest) | District
(branche nord-ouest)
Ealing Broadway
0%
Northern
(branche nord-ouest)
Edgware
0%
Edgware Road
0%
15
(Nekrassovskaïa)
Электрозаводская/Elektrozavodskaya/
Elektrozavodskaïa
0%
Elephant and Castle
0%
Élisabeth
0%
Ellingsrudåsen
0%
Ελληνικό/Elliniko
0%
(branche nord)Epping
0%
Ligne 5Érasme/Erasmus
0%
M5Eroilor
0%
U6Floridsdorf
0%
Oslo1Frognerseteren
0%
Fruängen
0%
Gaasperplas
0%
Gara de Nord
0%
BruxellesLigne 1Gare de l'Ouest/Weststation
0%
Gein
0%
Горна баня/Gorna banya
0%
Hacıosman
0%
M3Хаджи Димитър/Hadji Dimitǎr/Hadzhi Dimitar
0%
T19Hagsätra
0%
(terminus de la boucle est)Hainault
0%
Háje
0%
LondresBakerlooHarrow and Wealdstone
0%
(branche sud-ouest 2) | (terminus boucle ouest)Heathrow Terminal 4
0%
(branche ouest) | (branche sud-ouest 1)Heathrow Terminal 5
0%
Heiligenstadt
0%
Helsfyr
0%
Hermannstraße
0%
M2
(Obolonsko-Teremkivska)
Героїв Дніпра/Heroiv Dnipra
0%
Herrmann-Debroux
0%
(branche nord-est)High Barnet
0%
StockholmT10Hjusta
0%
Hospital del Henares
0%
10Hospital Infanta Sofía
0%
U4Hütteldorf
0%
Innsbrucker Platz
0%
Amsterdam50 | 51Isolatorweg
0%
(branche B1)Jonio
0%
Kabaty
0%
M4Kadıköy
0%
Каховская/Kakhovskaya/Kakhovskaïa
0%
U2Karlsplatz
0%
M4Kelenföld vasútállomás/Gare de Kelenföld
0%
Keleti pályaudvar/Gare de l'Est
0%
(branche très courte)Kensington (Olympia)
0%
2
(Zamoskvoretskaïa)
Ховрино/Khovrino/Chovrino
0%
AthènesΓραμμη 1Κηφισιά/Kifisia/Kiphissia/
Kifissia/Kiphisia
0%
Branche M1B | M3Kirazlı Bağcilar/Kirazlı
0%
M3Kőbánya-Kispest
0%
København H/Københavns Hovedbanegård/
Gare Centrale de Copenhague/
Copenhagen Central Station
0%
Københavns Lufthavn/
Copenhagen Airport/
Aéroport de Copenhague
0%
3Kolsås
0%
Коммунарка/Kommunarka
0%
Котельники/Kotelniki
0%
Кунцевская/Kuntsevskaya/
Kountsevskaïa
0%
M4Lac Strǎulești
0%
La Fortuna
0%
Las Rosas
0%
BLaurentina
0%
VienneU1Leopoldau
0%
CLetňany
0%
M6Levent
0%
(branche sud)Lewisham
0%
Лісова/Lisova
0%
M7Mahmutbey
0%
HelsinkiM1Matinkylä/Mattby
0%
6
(Kaloujsko-Rijskaïa)
Медведково/Medvedkovo
0%
Mellunmäki/Mellungsbacka
0%
BudapestM1Mexikói út/Avenue du Mexique
0%
(Terminus branche 4A)Международная/Mezhdunarodnaya/
Mejdunarodnaïa
0%
(branche très courte)Mill Hill East
0%
VarsovieM1Młociny
0%
3Moncloa
0%
Montecompatri Pantano
0%
(branche sud)Morden
0%
Mortensrud
0%
Некрасовка/Nekrasovka/Nekrassovka
0%
PragueANemocnice Motol
0%
52Noord
0%
Norsborg
0%
Новокосино/Novokosino
0%
Новоясеневская/Novoyasenevskaya/
Novoïassenevskaïa
0%
8Nuevos Ministerios
0%
M2Обеля/Obelya
0%
Oberlaa
0%
Linha do Girassol
(Ligne du Tournesol)
(jaune)
Odivelas
0%
M9Olimpiyat
0%
Ópera
0%
M4Orientkaj
0%
Örs vezér tere/Place du chef Örs
0%
U9Osloer Straße
0%
2Østerås
0%
U3Ottakring
0%
9Paco de Lucia
0%
(terminus ouest, uniquement
pour la branche nord-est)
Paddington
0%
Pantelimon
0%
Πειραιας/Peiraias/
Le Pirée/Port du Pirée/
Piraeus/Piraeus Port
0%
Madrid1Pinar de Chamartín
0%
M2Pipera
0%
7Pitis
0%
7
(Tagansko-Krasnopresnenskaïa)
Планерная/Planernaya/Planernaïa
0%
11Plaza Eliptica
0%
M3Preciziei
0%
RPríncipe Pío
0%
Puerta del Sur
0%
3
(Arbatsko-Pokrovskaïa)
Пятнитское Шоссе/Pyatnitskoe Shosse/
Pyatnitskoye Shosse/Pïatnitskoïe Chossé/
Chaussée Piatnitski
0%
(branche B)Rabibbia
0%
Рассказовка/Rasskazovska
0%
Rathaus Steglitz
0%
Rato
0%
(2nde branche)Râul Doamnei
0%
Elizabeth (branche ouest)Reading
0%
LisbonneLinha da Gaivota
(Ligne de la Mouette)
(bleue)
Reboleira
0%
(branche sud-ouest)Richmond
0%
Летиrще София/Letišče Sofiya/
Letišče Sofia/Sofia Airport/Aéroport de Sofia
0%
Ligne 6Roi Baudoin/Koning Boudewijn
0%
Rudow
0%
Sabiha Gökçen Havalimanı/Sabiha Gökçen
0%
M2 (branche)Sanayi Mahallesi/Sanayi
0%
CSan Giovanni
0%
Santa Apolónia
0%
São Sebastião
0%
11
(Bolchaïa Koltsevaïa)
Савёловская/Saviolovskaya/Saviolovskaïa
0%
Щёлковская/Schyolkovskaya/
Chtchiolkovskaïa/Ščiolkovskaya
0%
Seestadt
0%
10
(Lioublinsko-Dmitrovskaïa)
Селигерская/Seligerskaya/Seliguerskaïa
0%
Seyrantepe
0%
(branche nord-est)Shenfield
0%
Siebenhirten
0%
Simmering
0%
Ligne 2Simonis
0%
Şişli Mecidiyeköy
0%
Skarpnäck
0%
SofiaM1 | M4Сливница/Slivnitsa
0%
5Sognsvann
0%
JubileeStanmore
0%
Stockel/Stokkel
0%
(branche nord 1)Stratford
0%
(branche nord 2)Stratford International
0%
M3
(Syrets'ko-Petchers'ka)
Сирець/Syrets
0%
M2Tapiola/Hagalund
0%
Linha da Caravela
(Ligne de la Caravelle)
Telheiras
0%
Теремки/Teremky
0%
(branche ouest 2)Tower Gateway
0%
8
(Kalininsko-Solntevskaïa)
Третьяковская/Tretyakovskaya/
Tretiakovskaïa
0%
Újpest-Központ/Újpest-Centre
0%
(branche est)Upminster
0%
M5Üsküdar
0%
(branche ouest 4) | Piccadilly
(branche nord-ouest)
Uxbridge
0%
Valdecarros
0%
(1ère branche)Valea Ialomiței
0%
CopenhagueM1 | M2Vanløse
0%
Vestamager
0%
Villaverde Alto
0%
Витоша/Vitosha
0%
Vörösmarty tér/Place Vörösmarty
0%
Vuosaari/Nordjö
0%
VictoriaWalthamstow Central
0%
(branche ouest 3)Watford
0%
Central
(branche nord-ouest)
West Ruislip
0%
(branche sud)Wimbledon
0%
U8Wittenau
0%
(branche sud-est)Woolwich Arsenal
0%
IstanbulM1 | M2Yenikapı
0%
BZličín
0%
Zuid
0%
Зябликово/Zyablikovo/Ziablikovo
0%

Distribution des résultats

Percentile par nombre de réponses

% des personnes avec chaque résultat

Votre développement - résultats

Vous n’avez pas pris ce quiz